000 00597nam a2200193 i 4500
003 IT-RoINE
005 20190108105350.0
008 031003s1968 it r 000 | ita d
040 _aPUG
_cIT-RoINE
_dIT-RoINE
100 1 _aFelici, Pericle,
_cCardenal,
_d1911-1982
_92755
245 1 0 _aPensieri sul sacerdozio /
_cPericle Felici.
260 _aMilano :
_bEdizioni O.R. [Opera della Regalità],
_c1968.
300 _a140 p. ;
_c18 cm.
336 _2rdacontent
_atext
337 _2rdamedia
_aunmediated
338 _2rdacarrier
_avolume
650 4 _955800
_aSacerdocio
_xMeditaciones
942 _cMTS
999 _c28296
_d28296